[Event "EU-chT (Men) 13th"]
[Site "Leon"]
[Date "2001.11.08"]
[Round "3.2"]
[White "Socko, Bartosz"]
[Black "Lautier, Joel"]
[Result "0-1"]
[WhiteElo "2564"]
[BlackElo "2653"]
[Annotator "Stohl,I"]
[PlyCount "122"]
[EventDate "2001.11.06"]
[EventType "team-swiss"]
[EventRounds "9"]
[EventCountry "ESP"]
[SourceTitle "CBM 086"]
[Source "ChessBase"]
[SourceDate "2002.02.05"]
[SourceVersion "1"]
[SourceVersionDate "2002.02.05"]
[SourceQuality "1"]
[WhiteTeam "Poland"]
[BlackTeam "France"]
[WhiteTeamCountry "POL"]
[BlackTeamCountry "FRA"]

1. e4 e5 2. Nf3 Nc6 3. Bb5 Nf6 {The Berlin Defence became popular after
Kramnik's success in the London 2000 match against Kasparov.} 4. O-O Nxe4 5. d4
Nd6 ({Hardly anyone nowadays plays} 5... Be7 6. Qe2 Nd6 7. Bxc6 bxc6 8. dxe5
Nb7 {although the road to White's advantage is not so clear:} 9. Nc3 O-O 10.
Re1 Nc5 11. Nd4 Ne6 12. Nxe6 $5 fxe6 13. b3 Qe8 14. Be3 Rf5 15. Ne4 Bb7 $5 {
/\c5~~} (15... a5 $2 16. Bd4 a4 17. c4 Bb7 18. Ng3 Rf4 19. Be3 Rf7 20. c5 $1
Ba6 21. Qd2 $16 {Anand,V-Timman,J/Wijk aan Zee/1999/ and both Black's B are
limited and paralysed.})) 6. Bg5 {A sideline, which may disappear after this
game. Critical is} (6. Bxc6 dxc6 7. dxe5 Nf5 8. Qxd8+ Kxd8 9. Nc3 h6 ({Moves as
} 9... a5 $5) (9... Ne7) (9... Ke8 {without h6 have also been tested.}) 10. h3
Bd7 11. b3 {but Black has been doing OK lately after} Kc8 (11... Ke8 12. Bb2
Rd8 13. Rad1 Ne7 14. Rfe1 Ng6 15. Ne4 Nf4 16. e6 Nxe6 17. Nd4 c5 18. Nf5 Rh7
19. Bf6 Rc8 20. Bxg7 $1 Bxg7 21. Nxg7+ Rxg7 22. Nf6+ Ke7 23. Nxd7 $16 {
Kasparov,G-Kramnik,V/Astana/2001/}) 12. Bb2 b6 13. Rad1 Ne7 14. Ne2 Ng6 15. Ng3
(15. Ne1 h5 16. Nd3 c5 17. c4 a5 18. a4 h4 19. Nc3 Be6 20. Nd5 Kb7 21. Ne3 Rh5
22. Bc3 Re8 23. Rd2 Kc8 24. f4 Ne7 25. Nf2 Nf5 $11 {1/2,Kasparov,G-Kramnik,V/
London BGN WCh/2000/}) 15... Nf4 16. Nd4 a5 17. a4 b5 18. Kh2 (18. Bc1 $142 $5)
18... bxa4 19. bxa4 Nd5 20. Rd3 Nb6 $132 {Shirov,A-Kramnik,V/Astana/2001/})
6... f6 $1 $146 {[%mdl 8] A novelty, clearly prepared at home, where a
computer provides the necessary defensive assistance. Socko was not against
repeating} (6... Be7 7. Bxe7 Qxe7 8. Bxc6 dxc6 9. dxe5 Nf5 10. Nc3 O-O (10...
Be6 11. Qd2 Rd8 $13) 11. Qd2 Nh4 (11... Be6 $5) 12. Nxh4 Qxh4 13. f4 Bf5 14.
Qf2 Qe7 15. Rfe1 Qb4 16. Rab1 Rad8 17. a3 Qc4 18. Rbd1 a5 19. Re2 Bg4 20. Rxd8
Rxd8 21. Rd2 Rxd2 22. Qxd2 $14 {Socko,B-Cyborowski,L/Warsaw POL-ch/2001/
although later on White went on to lose this pleasant _|_.}) 7. dxe5 $6 {
White can't avoid complications anyway and chooses a risky piece sacrifice. He
had 2 alternatives:} (7. Bxc6 dxc6 (7... fxg5 $2 8. Bd5 $16) {More testing is}
8. Nxe5 $5 {but in this move-order Black can even decline the offer:} (8. dxe5
fxg5 9. exd6 Bxd6 10. Re1+ Kf7 11. Nc3 (11. Qd4 Rf8 $15) 11... g4 12. Ne5+ Bxe5
13. Rxe5 Qxd1+ 14. Rxd1 Kf6 {/\Bf5=/+ enables Black to finish his development
unscathed and retain winning chances.}) 8... Be6 (8... Bf5 $5) 9. Re1 (9. Qh5+
g6 (9... Nf7 $5) 10. Nxg6 hxg6 11. Qxg6+ Bf7 12. Qxf6 (12. Re1+ Qe7 $1 13.
Rxe7+ Bxe7 $17) 12... Qxf6 13. Bxf6 Rh6 $15) 9... Be7 10. Nf3 Bd5 $15 {[%csl
Gd5,Ge7] ^^}) ({If White wants to force Black to accept the sacrifice, a
better way to do so is} 7. Nxe5 $1 fxg5 (7... Nxe5 8. dxe5 Nxb5 $2 9. exf6 $18
{/\} gxf6 10. Qh5+ Ke7 11. Bxf6+ $1 Kxf6 12. Qh4+) 8. Bxc6 (8. Qh5+ g6 9. Nxg6
hxg6 10. Qxh8 Nxb5 $19) 8... dxc6 9. Qh5+ g6 10. Nxg6 Bg4 $1 (10... hxg6 11.
Re1+ Kf7 12. Qxh8 $13) 11. Re1+ Be7 12. Qxg5 (12. Qh6 $2 Nf7 $19) 12... hxg6
13. Qxg6+ Kf8 $5 ({Black's K can hardly hide on the << anyway, so} 13... Nf7
14. Qxg4 Qd6 15. h3 Rd8 16. Nc3 $13 {is somewhat weaker.}) 14. Qxg4 Rh4 $32 {
=/+,/\Nf7 In this sharp position Black's pieces are better coordinated and he
can fight for an advantage.}) 7... Nxb5 8. exf6 (8. Bh4 {will probably win
some material back, but after} Be7 $1 9. a4 (9. c4 fxe5 {is similar.}) 9...
fxe5 10. axb5 Bxh4 11. bxc6 dxc6 12. Qe2 Bf6 $17 {White's compensation is
insufficient.}) 8... gxf6 9. Re1+ {Chases Black's K to safety.} (9. Qd5 $2 fxg5
10. Re1+ Be7 11. Nxg5 Nd6 12. Nxh7 Nf7 $19 {leads nowhere.}) (9. Bf4 $142 {
[%cal Rd1e2] /\Qe2} Nd6 (9... Be7 10. Nh4 $5 $15 {/~~}) 10. Re1+ Kf7 (10... Be7
11. Bxd6 $5 cxd6 12. Nc3 $15 {and developing the << is not going to be so easy.
}) 11. Nh4 Rg8 12. Qh5+ $15 {Here White at least saves a tempo, as his Q goes
directly to h5 and the position remains more tense, than in the game.}) 9...
Kf7 10. Qd5+ $6 (10. Bf4 $142 $1 Nd6 (10... d5 11. Nh4 Kg8 12. Qh5 $132) 11.
Nh4 {leads to the above note.}) 10... Kg7 11. Bf4 ({White must keep pieces on
the board,} 11. Qxb5 $143 $2 fxg5 12. Nxg5 d5 $19) 11... Nd6 12. Nh4 Rg8 {
[%mdl 256] An important defensive move, freeing h8 for the K.} 13. Nc3 (13.
Bxd6 Bxd6 14. Nf5+ Kh8 15. Nxd6 cxd6 16. Qxd6 b6 $17) 13... Kh8 14. Qh5 Nd4 {
[%cal Rd4e6,Rd4c2]} ({Interesting, although possibly not ideal. Black probably
didn't like the solid} 14... b6 15. Nd5 Bb7 16. Rad1 $17 {and although White
has no direct threats, it's not so easy to untangle and realize the extra
piece. Lautier seeks activity and is willing even to return material.}) 15. Nd5
$1 {Otherwise Ne6 snuffs out White's initiative.} b6 {Probably an intuitive
decision.} (15... Nxc2 16. Nxf6 Qxf6 (16... Rg7 $4 17. Ng6+ $18) 17. Be5 Bg7 (
17... Qxe5 18. Qxe5+ Bg7 19. Qh5 Bf6 {leads to the same position.}) 18. Bxf6
Bxf6 19. Qf3 $1 {the inactive << gives White tactical chances:} Bxb2 (19... Rf8
20. Qh5 Kg8 21. Ng6 $1 Rf7 22. Ne5 Rg7 23. Rad1 $1 Rg5 (23... Nxe1 $2 24. Rxd6
Rxg2+ 25. Kf1 $18) 24. Qf3 $13 {[%cal Rf3f6,Rf3b3] /\Qf6,Qb3} Kg7 $2 25. Ng4
Rf5 26. Qh3 $18) 20. Qe2 Bxa1 21. Qxc2 $44 {/\Qc7}) 16. Nxf6 (16. Rad1 $142 $5
Ne6 (16... Nc6 {is possible, but Black has lost a tempo compared to 14...b6.})
17. Nxf6 Qxf6 18. Be5 Qxe5 19. Qxe5+ Bg7 20. Qe3 Rf8 $13 (20... Bb7 $4 21. Ng6+
hxg6 22. Qh3+ $18) (20... Bf6 $2 21. Rxd6 $1 cxd6 22. Qf3 $16)) 16... Qxf6 17.
Be5 Bg7 18. Bxf6 Bxf6 {[%mdl 2048] /\Nc2 Although the material balance has
changed, Black is still on top with his coordinated piece play.} 19. Re3 $6 {
Socko should have tried to get rid of Black's N with} (19. Rad1 Bb7 20. Rxd4 $5
(20. c3 Ne6 {/\Nf4 also forces an exchange sacrifice in less favourable
circumstances.}) 20... Bxd4 21. Re7 Be4 ({po} 21... Rg7 $6 22. Rxg7 Bxg7 23.
Ng6+ Kg8 24. Ne7+ $11 Kf8 $6 25. Qxh7 $36) 22. c3 Bf6 23. Rxd7 Rad8 $17 {
is good for Black, but in the game White will fare even worse.} (23... Rae8 $5)
) 19... Bb7 (19... Nxc2 $2 20. Rh3 {[%cal Rh4g6] /\Ng6} Rg7 21. Rc1 $18 {
/\Rc2,Qf3 and White wins material.}) 20. Rg3 (20. Rae1 Bxh4 (20... Nxc2 $2 21.
Re7 Bxe7 $2 22. Rxe7 Rg7 23. Qe5 $16) ({Maybe even better is} 20... Ne6 $5) 21.
Qe5+ Rg7 22. Qxd4 Rag8 $1 $17 {/\Bg2,Nf5}) 20... Rae8 21. Kh1 (21. Rxg8+ Rxg8
22. c3 Bxh4 (22... Ne6 $5) 23. Qe5+ Rg7 24. Qxd4 (24. cxd4 $2 Nc4 $17) 24...
Bxg2 $1 25. Qxh4 (25. Qxg7+ Kxg7 26. Kxg2 Bf6 $19 {is similar.}) 25... Be4+ $1
26. Kf1 Bd3+ 27. Ke1 Ne4 28. Qd8+ Rg8 $19 {and White must give his Q to avoid
mate, which leads to a technically lost _|_.}) 21... Ne4 22. Ng6+ (22. Rxg8+
Rxg8 {[%csl Rf2]} 23. f3 (23. Rf1 Ba6 $19) 23... Nd6 $1 (23... Nxc2 $6 24. Rc1
$13) {cuts off White's Q and wins nearly by force:} 24. c3 Ne6 25. Qh6 {
(inak Vg5 alebo Jf4 ziskava damu)} Bg5 26. Qh5 Nf4 27. Qg4 Bc6 28. Qg3 Nd3 $19
{and White will lose at least a piece.}) 22... Rxg6 $5 {Attractive, but there
was also a second solution} (22... Kg7 23. Nf4+ Nxg3+ 24. fxg3 Re7 $19) 23.
Rxg6 Nxf2+ 24. Kg1 Ne2+ $1 25. Kf1 (25. Kxf2 $6 Bd4+ 26. Kf1 Nf4 27. Rg8+ $8 (
27. Qb5 $2 hxg6 {/\Bg2,Ba6#}) 27... Rxg8 28. Qf7 {gives Black a wide choice of
attacking continuations.} Bxg2+ (28... Nxg2 $5 $19) 29. Ke1 Bxb2 $19) 25... Nf4
26. Rxf6 (26. Qf5 $143 Ba6+ 27. Kxf2 Bd4+ 28. Kg3 Nxg6 $40) 26... Nxh5 (26...
Bxg2+ $5 27. Kxf2 Nxh5 28. Rh6 (28. Rf5 Ng7 29. Rf7 Bc6 $19) 28... Nf4 29. Kg3
Re4 {was also playable, but Black doesn't want to disrupt the coordination of
his pieces for a single P, as the _|_ after the text is also won in the long
run.}) 27. Rxf2 Kg7 $19 {Black has 2 pices for a R and no weaknesses, he will
win by gradually creating a o^.} 28. c4 ({Passivity was more resilient} 28. Rd2
$142) 28... Nf6 29. Rd1 Bc6 30. Re2 Ne4 $1 {[%cal Rb6b5] /\b5 Lautier
postpones the exchange of R and wants to profit from his active pieces.} 31.
Kg1 (31. Ke1 $142) 31... a5 32. Rf1 Re6 33. Rf4 h5 34. Re3 Kg6 35. h4 $6 (35.
g4 h4 $1 36. h3 Ng5 {[%csl Rh3] ><h3}) ({Socko wants to play g4 without
allowing h4, but Black can prevent this. Passivity was indicated, e.g.,} 35. b3
) 35... Nf6 $1 36. Rxe6 dxe6 {[%csl Ge6] o^e} 37. Rd4 Bd7 38. c5 b5 39. Rd3 e5
(39... Bc6 $19 {[%cal Yc6d5] /\Bd5}) 40. c6 Be6 41. Rg3+ Ng4 42. Rc3 ({White's
R remains passive even after} 42. b3 e4 43. Rc3 e3 44. Kf1 a4 $19) 42... Bxa2
43. Ra3 Bc4 44. b3 Be2 45. Rxa5 Nf6 46. Ra8 Kf7 47. Rc8 Nd5 48. Kf2 Bg4 49. Rh8
Ke7 (49... e4 $1 $19) 50. Rh6 b4 (50... e4 {[%cal Re4e3,Rd5b4] /\e3,Nb4 was
quicker.}) 51. Ke1 e4 52. g3 Ne3 53. Rh8 Kd6 54. Kd2 Nd5 55. Rh6+ Kc5 56. Rg6
Kd4 57. Ke1 Kc3 58. Rg5 Ne3 59. Kf2 Nf5 60. Ke1 e3 61. Rg8 Nd4 0-1

[Event "POL-chT 66th"]
[Site "Katowice"]
[Date "2010.09.09"]
[Round "6"]
[White "Baklan, Vladimir"]
[Black "Navara, David"]
[Result "1/2-1/2"]
[WhiteElo "2621"]
[BlackElo "2722"]
[Annotator "Stohl/Primel,D"]
[PlyCount "80"]
[EventDate "2010.09.04"]
[EventType "team-tourn"]
[EventRounds "9"]
[EventCountry "POL"]
[SourceTitle "EXT 2016"]
[Source "ChessBase"]
[SourceDate "2015.10.08"]
[SourceVersion "1"]
[SourceVersionDate "2015.10.08"]
[SourceQuality "1"]
[WhiteTeam "Lublin"]
[BlackTeam "Katowice Szopienice"]
[WhiteTeamCountry "POL"]
[BlackTeamCountry "POL"]

1. e4 e5 2. Nf3 Nc6 3. Bb5 Nf6 4. O-O Nxe4 5. Re1 Nd6 6. Nxe5 Be7 7. Bf1 Nf5 $5
{Une vieille idée de Miles qui a connu un regain de popularité récemment} (
7... Nxe5 {La grande ligne}) 8. Nf3 (8. c3 Nxe5 9. Rxe5 d6 10. Re1 O-O 11. d4
d5 12. Nd2 c6 13. Nf3 Nh4 14. Nxh4 Bxh4 15. Bd3 Bf6 16. Bf4 Re8 17. Qh5 g6 18.
Qf3 Bd7 19. Rxe8+ Qxe8 20. Bd2 Bg7 21. Re1 Qf8 22. Qg3 Re8 23. Rxe8 Qxe8 24.
Kf1 Qc8 25. Qd6 Bf8 26. Qe5 Bg7 27. Qd6 Bf8 28. Qe5 Bg7 29. Qd6 {1/2-1/2 (29)
Inarkiev,E (2706)-Aronian,L (2770) Sochi 2015}) 8... O-O 9. d4 d5 10. g3 $5 {
L'ukrainien avait joué plusieurs parties sur cette variante en 2010} (10. c3
Bd6 {Carlsen,M (2826)-Anand,V (2800) Nanjing Pearl Spring 3rd 2010 (7) 1/2})
10... Bf6 {[%csl Rd4]} (10... Bd6 11. Nc3 Nfe7 {Baklan,V (2654)-Grandelius,N 
(2515) Reykjavik op 2010 (9) 1-0}) (10... Re8 11. Nc3 Be6 {Baklan,V (2654)
-Buhmann,R (2591) AUT-chT 0910 2009 (4.3) 1-0}) 11. c3 Nd6 (11... Re8 $11 {
the tension should gradually dissipate. (Stohl)}) 12. Ne5 Re8 13. Nxc6 {
Curieusement alors que cette partie n'était pas dans les bases ni publiée
par TWIC, elle a fait l'objet d'une tentative d'amélioration quelques
semaines plus tard face à l'ancien Champion du Monde TOPLAOV.} (13. Bf4 Bf5
14. Nd2 g5 15. Nxc6 bxc6 16. Be3 Bg6 17. Bh3 Rb8 18. b4 h5 19. Nb3 Nc4 20. Nc5
Qd6 21. Nd7 Nxe3 22. fxe3 Rbd8 23. Nc5 Ra8 24. Bg2 Re7 25. e4 dxe4 26. Nxe4
Bxe4 27. Rxe4 Rae8 28. Rxe7 Rxe7 29. Qf3 Bxd4+ 30. Kh1 g4 31. Qd3 Bg7 32. Qc4
Qd2 33. Rf1 Qxc3 34. Qxc6 Qxc6 35. Bxc6 Bd4 36. h3 gxh3 37. Kh2 Kg7 38. Kxh3
Kg6 39. Rf4 Be5 40. Re4 Kg5 41. a4 f6 42. Re3 Re6 {Leon Hoyos,M (2570)-Topalov,
V (2786) Mexico City 2010 0-1}) 13... Rxe1 14. Qxe1 bxc6 15. Nd2 a5 $1 {
[%cal Ga5a4] Malgré la structure, les Noirs n'ont pas de problème et ils
vont lentement égaliser} 16. Nb3 {[%csl Gc5]} Ne4 $1 {[%csl Rc3][%cal Ga5a4,
Ga4a3] Empêche Nb3c5 et les Noirs menacent la poussée a4} 17. Nd2 (17. Be3 $6
a4 $36 {[%csl Rb2,Rb3,Rc3]}) 17... Ng5 18. h4 Ne6 19. Nf3 c5 20. Be3 cxd4 $11
21. Nxd4 Ba6 22. Bg2 Nxd4 {Début d'une phase de simplification qui va aplanir
la position} 23. Bxd4 Bxd4 24. cxd4 a4 25. Rc1 Rb8 $132 {[%csl Rb2]} 26. Rc5 $6
Bc4 {[%csl Rb2,Rc5]} 27. b3 axb3 28. axb3 Bxb3 29. Qe5 Qd6 30. Bxd5 Qxe5 31.
dxe5 Bxd5 32. Rxd5 Kf8 (32... Rc8 {[%cal Gc7c1]}) 33. Rd7 $1 {[%csl Rf7,Rf8]}
Rc8 34. Kf1 h5 $1 (34... Ke8 $6 35. e6 $1 {[%cal Gd7g7]}) 35. Ke2 g6 36. Ke3 c5
37. Kd3 Ra8 (37... Ke8) 38. Rc7 Ra2 39. Ke3 Ra3+ 40. Kf4 Ra4+ 1/2-1/2

[Event "EU-Cup 27th"]
[Site "Rogaska Slatina"]
[Date "2011.10.01"]
[Round "7"]
[White "Sutovsky, Emil"]
[Black "Naiditsch, Arkadij"]
[Result "1-0"]
[WhiteElo "2690"]
[BlackElo "2707"]
[Annotator "Sutovsky,E"]
[PlyCount "99"]
[EventDate "2011.09.25"]
[EventType "team-swiss"]
[EventRounds "7"]
[EventCountry "SLO"]
[SourceTitle "CBM 145"]
[Source "ChessBase"]
[SourceDate "2011.11.11"]
[SourceVersion "1"]
[SourceVersionDate "2011.11.11"]
[SourceQuality "1"]
[WhiteTeam "SOCAR"]
[BlackTeam "Baden-Baden"]
[WhiteTeamCountry "AZE"]
[BlackTeamCountry "GER"]

{The game was played in the last round of the European Club Cup. Baden-Baden
was leading, and my team, Socar, needed to win in order to fight for the gold
medals. Such a tense situation guaranteed fighting chess on all the boards.
And indeed, all six games were decisive - Socar won 4:2. Here is my effort
against Arkady Naiditsch.} 1. e4 e5 2. Nf3 Nc6 3. Bb5 Nf6 {That was expected.
Nowadays, I encounter the Berlin in every second game I play with White. Even
people who never play 1...e5 tend to choose it facing me. As for Arkady - it's
his main weapon against 1.e4, so I just had to be well-prepared for the
different Berlin setups.} 4. O-O Nxe4 5. d4 Nd6 6. Bxc6 dxc6 7. dxe5 Nf5 8.
Qxd8+ Kxd8 9. h3 Ne7 10. Nc3 h6 {One of the popular systems, favoured by
Naiditsch and Bacrot. In my opinion, it is a bit too slow, and White has time
to put his pieces on the optimal squares.} 11. Rd1+ Ke8 12. Bf4 Ng6 13. Bh2 (
13. Bg3 {was played in a similiar position in the game Carlsen-Naiditsch.
However, the retreat to h2 seems to be more logical, because it doesn't come
under attack after the typical ...h6-h5. As for the eventual possibility of
the back-rank mate... Well, it is too eventual to be taken seriously.}) 13...
Bb4 14. Ne2 a6 (14... Bd7 15. Nfd4 Bc5 16. e6 Bxe6 17. Nxe6 fxe6 18. Bxc7 {
was better for White in Leko-Ponomariov, although Ruslan managed to hold it.
Arkady's move looks quite logical, as he wants to meet Nd4 with c6-c5, but...})
15. Nfd4 $1 Be7 ({Now} 15... c5 {is strongly met by} 16. a3 $1 (16. Nb3 c4 17.
Nbd4 Ke7 {and Black manages to consolidate.}) 16... Ba5 17. b4 Bb6 (17... cxb4
18. axb4 Bxb4 19. Nb5 $1) 18. bxc5 (18. Nb3 cxb4 19. axb4 Ke7 20. Ned4 $14)
18... Bxc5 19. a4 {and Black still has some problems.}) 16. e6 {The most
direct approach.} ({Another possibility was} 16. c4 $5 {and after} c5 17. Nc2 {
the white knight heads to d5.}) 16... c5 17. Nf5 Bf6 18. Bxc7 Bxe6 19. Neg3 h5
(19... Kf8 20. Nd6 Bxb2 21. Rab1 Bd4 22. Rxb7 Kg8 {was probably the lesser
evil, although my intuition (supported by Houdini's evaluation) says, that
White has a rather serious advantage here.}) 20. Bb6 {Forcing matters.} ({
I considered also} 20. Ne3 h4 21. Ne4 {but found it a bit slow. Admittedly, my
silicon friend disagrees, promising White quite a significant advantage in
this line.}) 20... Bxb2 21. Nd6+ Kf8 22. Rab1 Bd4 (22... Be5 23. Bxc5 b5 $1 24.
Nxb5+ Kg8 {is a computer recommendation. Still, after 25.Nd6 or 25.Nd4 Black's
life is far from easy.}) 23. c3 Bxc3 24. Bxc5 Kg8 {A very interesting point.
Here I had to choose between the move in the text and 25.Nge4. After 25.Nge4
Be5 26.Rb7 he could play 26...f6, and I didn't see anything decisive. On the
other hand, I saw that after 25.Rb7 he has a powerful defensive resource. But
it felt so natural just to take back on a2...} 25. Rxb7 (25. Nge4 Be5 26. Rxb7
{was objectively stronger, but in my calculations I couldn't find that after}
f6 {White just plays} 27. a3 {or 27.a4, retaining a tangible advantage.}) 25...
Bxa2 {Without any hesitation. In fact, Black had a very strong defence:} (25...
h4 $1 26. Nge4 Rh5 $1 27. Be3 Be5 $1 28. Ng5 Bxa2 {and although the black
pieces are spread all over the board, he retains a dynamic equality.}) 26. Nge4
Be5 27. Ng5 Rd8 {Natural and... losing.} ({Black's only chance was} 27... f6
28. Ngf7 Bxf7 29. Nxf7 Rh7 {Understandably, Naiditsch wanted to avoid such a
cramped position, but the continuation in the game just loses.}) 28. Rd2 $1 {
Probably he missed this one.} Bxd6 ({The natural} 28... Be6 {loses on the spot
to} 29. Ndxf7 $1 Rxd2 30. Nxe5 {and mate is inevitable.}) 29. Rxd6 Re8 {
Here I spent some 15 minutes and found the clear path to win.} 30. Rxa6 Bd5 31.
Rd7 Be6 32. Rda7 Bd5 33. Rd6 {Just to gain a bit more time on the clock.} Be6
34. Rda6 Bd5 35. Rxg6 $1 fxg6 36. Bd4 Rh7 (36... Kf8 37. Bxg7+ Kg8 38. Bd4 $1 {
is equally hopeless for Black.}) 37. h4 $1 {White is in no hurry. I should
bring my king closer to the action, and only then, it will the time be ripe.}
Kh8 38. Rd7 Bg8 39. Kh2 Rf8 40. Kg3 Bb3 {Loses at once.} ({However, after} 
40... Re8 41. f3 {Black gets in a zugzwang anyway.}) 41. Nxh7 Kxh7 42. Rxg7+
Kh6 43. Rb7 Bf7 44. Rc7 $1 {44.f4 wins as well, but it's a good idea to avoid
committal moves in the endgame.} Rd8 45. Bf6 Rf8 46. Bc3 $1 {Now the bishop
can't be attacked, and Black finds himself in a deadly zugzwang.} g5 47. hxg5+
Kg6 48. Rc6+ Kxg5 49. Bf6+ Kf5 50. Bg7 1-0